000 00484 a2200157 4500
082 _a511
090 _c3462
_d3462
100 _aJohnsonbaugh, Richard
245 _aDiscrete mathematics
_cRichard Johnsonbaugh
250 _a5th.
260 _aUpper Saddle River, N.J. :
_b Prentice Hall,
_cc2001.
300 _axv, 621 p. :
_b ill. ;
_c 29 cm.
500 _aIncludes bibliographical references and index
650 _aMathematics.2.Computer science--Mathematics.
942 _cBK
_k511 JOH
999 _c7371
_d7371